[Event "Quebec-ch Senior"]
[Site "Montreal"]
[Date "2014.02.08"]
[Round "2"]
[White "Grenier, Jean Luc"]
[Black "Bureau, Robert"]
[Result "1-0"]
[WhiteElo "1721"]
[BlackElo "1383"]
[PlyCount "105"]
[EventDate "2014.02.07"]
[EventType "swiss"]
[EventRounds "5"]
[EventCountry "CAN"]
[SourceTitle "EXT 2022"]
[Source "ChessBase"]
[SourceDate "2021.10.06"]
[SourceVersion "1"]
[SourceVersionDate "2021.10.06"]
[SourceQuality "1"]

1. e4 e5 2. Nf3 Nc6 3. Bb5 Nf6 4. 0-0 Nxe4 5. d4 Nd6 6. Bxc6 dxc6 7. dxe5 Nf5 8. Qxd8+ Kxd8 9. Rd1+ Bd7 10. e6 fxe6 11. Ne5 Nd6 12. c4 b6 13. b4 c5 14. bxc5 bxc5 15. Be3 Be7 16. Bxc5 Rf8 17. Nc3 Rf5 18. Nxd7 Kxd7 19. Ne4 Kc6 20. Nxd6 cxd6 21. Be3 Bf6 22. Rab1 Ra5 23. Rd2 Ra3 24. Rbd1 Rd8 25. Rb1 h6 26. Kf1 Ra8 27. Rc2 Rc3 28. Rxc3 Bxc3 29. Rb5 e5 30. Ke2 Bd4 31. Bxd4 exd4 32. Kd3 Rf8 33. f3 Rf4 34. Ra5 Kb6 35. Rd5 Kc6 36. Rxd4 Rf6 37. Re4 g5 38. Kd4 Rf5 39. Re2 Ra5 40. g3 Rf5 41. Ke4 Re5+ 42. Kd3 Rf5 43. Rf2 Kc5 44. f4 d5 45. cxd5 Rxd5+ 46. Ke3 gxf4+ 47. gxf4 Kc4 48. f5 Rd3+ 49. Ke4 Rd4+ 50. Ke5 Rd8 51. f6 Re8+ 52. Kd6 Kd4 53. f7 1-0

[Event "Montreal Juste pour jouer"]
[Site "Montreal"]
[Date "2012.10.07"]
[Round "4"]
[White "Tinica, Gabriel"]
[Black "Bureau, Robert"]
[Result "0-1"]
[WhiteElo "958"]
[BlackElo "1357"]
[PlyCount "58"]
[EventDate "2012.10.05"]
[EventType "swiss"]
[EventRounds "7"]
[EventCountry "CAN"]
[SourceTitle "EXT 2022"]
[Source "ChessBase"]
[SourceDate "2021.10.06"]
[SourceVersion "1"]
[SourceVersionDate "2021.10.06"]
[SourceQuality "1"]

1. d4 Nf6 2. c4 e6 3. Nf3 d5 4. cxd5 exd5 5. Bg5 Be7 6. e3 Bf5 7. Nc3 c6 8. a3 Nbd7 9. Be2 h6 10. Bh4 0-0 11. 0-0 Ne4 12. Bxe7 Qxe7 13. Rc1 Ndf6 14. Ne5 Nd7 15. Nf3 Qf6 16. Qb3 b5 17. Na2 Qg6 18. Rfd1 Rfc8 19. Bd3 Bh3 20. g3 Bg4 21. Be2 Qh5 22. Kg2 Qh3+ 23. Kg1 Ndf6 24. Bf1 Qh5 25. Be2 Bxf3 26. Bxf3 Qxf3 27. Qc2 Ng4 28. Rf1 Ng5 29. h4 Nh3# 0-1